[Event "AUT-ch U10 Girls"]
[Site "St Veit"]
[Date "2016.05.29"]
[Round "7.9"]
[White "Krohmer, Eva Constanze"]
[Black "Milanollo, Moana"]
[Result "1-0"]
[WhiteElo "879"]
[BlackElo "800"]
[PlyCount "57"]
[EventDate "2016.05.27"]
[EventType "swiss"]
[EventRounds "7"]
[EventCountry "AUT"]
[SourceTitle "EXT 2024"]
[Source "ChessBase"]
[SourceDate "2023.10.10"]
[SourceVersion "1"]
[SourceVersionDate "2023.10.10"]
[SourceQuality "1"]

1. e4 e5 2. Nf3 Nc6 3. Nc3 Nf6 4. Bb5 a6 5. Bxc6 Bb4 6. Bxb7 Bxb7 7. Nxe5 0-0 8. d3 Bxc3+ 9. bxc3 d6 10. Ng4 Nxg4 11. Qxg4 Bc8 12. Qf4 Bb7 13. 0-0 d5 14. Ba3 Bc6 15. Bxf8 Qxf8 16. exd5 Bxd5 17. Qxc7 Rc8 18. Qd7 a5 19. Qxd5 a4 20. c4 a3 21. Rfe1 Rb8 22. Re4 h6 23. h3 Rc8 24. Rae1 Rb8 25. Re5 Rb2 26. Qe4 Rxa2 27. Qf5 Rxc2 28. Re8 Qxe8 29. Rxe8# 1-0